00463nam a22001697a 450000500170000001000150001702000260003203500140005803700090007208200130008110000160009424500390011025000060014926000300015527000870018530000210027220250717161011.0 aENG-146006 a9789360792657c850.00 aEN-129538 bDBAD a230.121 aVivekananda aBhakti Yoga/cby Swami Vivekananda a1 aDelhibKeshav Booksc2021 bDelhiaF-7, Gali No.1, 3rd Floor, Panchsheel Garden Ext. Naveen Shahdara, e110032 a196p.c23cm(Hbk)